Normal view
MARC view
- SOFTWARE QUALITY ASSURANCE
Entry Topical Term
001 - CONTROL NUMBER
- control field: 61026
003 - CONTROL NUMBER IDENTIFIER
- control field: NUST
005 - DATE AND TIME OF LATEST TRANSACTION
- control field: 20210628202656.0
008 - FIXED-LENGTH DATA ELEMENTS
- fixed length control field: 210628|| aca||aabn | a|a d
040 ## - CATALOGING SOURCE
- Original cataloging agency: NUST
- Transcribing agency: NUST
150 ## - HEADING--TOPICAL TERM
- Topical term or geographic name entry element: SOFTWARE QUALITY ASSURANCE
670 ## - SOURCE DATA FOUND
- Source citation: Work cat.: (NUST): Mistrik, Ivan 61025, Software quality assurance,in large scale and complex software intensive systems, 2016
